| 000 | 00531nam a2200205Ia 4500 | ||
|---|---|---|---|
| 003 | OSt | ||
| 005 | 20250925145815.0 | ||
| 008 | 210210b2010 xxu||||| |||| 00| 0 eng d | ||
| 020 | _a9780070141698 | ||
| 040 | _cAL | ||
| 041 | _aeng | ||
| 082 | _a001.6424J BALP | ||
| 100 |
_aBalagurusamy E _9240491 |
||
| 245 |
_aProgramming with java _b: a primer Ed 4 |
||
| 260 |
_aNew Delhi _bTata McGraw Hill Education Pvt. Ltd. _c2010 |
||
| 300 | _axvi,454p | ||
| 690 |
_aComputer Science _9240499 |
||
| 906 | _a066256 | ||
| 942 |
_2ddc _cBK |
||
| 999 |
_c147537 _d147537 |
||